| 000 | 00799nam a2200217 a 4500 | ||
|---|---|---|---|
| 008 | 090319s2004 ||||||||||||||||| || u | ||
| 020 | _a0199268495 | ||
| 050 | _aJF 1351 Pol | ||
| 100 | _aBouckaert, Geert | ||
| 245 | 1 | 0 |
_aPublic management reform: a comprehensive analysis.-- 2nd ed. _cChristopher Pollitt and Geert Bouckaert |
| 250 | _a2nd ed. | ||
| 260 |
_aOxford _bOxford University Press _c2004 |
||
| 300 | _axiii, 345p. | ||
| 350 | _a0.00 | ||
| 650 | _aADMINISTRATION | ||
| 650 | 0 | _aORGANIZATIONAL CHANGE | |
| 650 | _aCOMPARATIVE GOVERNMENT | ||
| 650 | _aPUBLIC ADMINSTRATION | ||
| 700 | _aPollitt, Christopher | ||
| 995 |
_D0.00 _FCBU-MAIN LIBRARY (Kitwe) _H1 _I0.00 _M1 _UAVAILABLE _WApr 6, 2009 _ZMain Library Open Access Collection |
||
| 999 |
_c55304 _d55304 |
||